Мадам Баттерфлай (Запис номер 296881)
[ съкратено ]
| 000 -Лидер | |
|---|---|
| Контролно поле с фиксирана дължина | 01477ncm a2200349 a 4500 |
| 003 - Код на организацията, давaща контролен номер | |
| Контролно поле | BLK |
| 005 - Дата и час на последна редакция | |
| Контролно поле | 20250311142033.0 |
| 008 - Елементи от данни с фиксирана дължина | |
| fixed length control field | 180414b bul |a|er|||| |0| c|bulo| |
| 010 ## - Наследен системен номер | |
| LC control number | NOT00000231000 |
| 040 ## - Източник на каталожния запис | |
| Идентификатор на билиотеката - собственик на записа | BLK |
| 041 ## - Код за език | |
| Код за езика на текст/звукозапис или на отделно заглавие | Руски |
| Код за езика КДБФ | Руски |
| 080 ## - УДК | |
| Текстов определител УДК | Опера. Музикална драма. Романтична опера. Опера-приказка |
| УДК код - определител по УДК | 782.1 |
| УДК - код + определител | 782.1 |
| 100 ## - Редна дума - Автор | |
| Автор | Пучини, Джакомо |
| Дати, свързани с автора | 1858 - 1924 |
| Автор - информация (биография) | Оперен композитор |
| Пълна форма на името | Пучини, Джакомо Антонио Доменико Микеле Секондо Мария |
| R(LIN) | 387431 |
| 139 ## - Редно поле | |
| Редна дума | Мадам Баттерфлай |
| Авторски знак | Пу - П 93 |
| 245 10 - Сведения за заглавието | |
| Заглавие | Мадам Баттерфлай |
| Подзаглавни данни | Опер в 3 д. |
| Редно поле (дума) | Джакомо Пучини; либрето Луиджи Илика; либрето Джузепе Джакоза. |
| 246 11 - Различни форми на заглавието | |
| Паралелно заглавие | Чио - Чио - сан |
| 254 ## - Сведения за формата на нотното издание | |
| Формат на описваните ноти | Клавир |
| 257 ## - Страна на издаване | |
| Страна на създаване/издаване | Русия |
| 260 ## - Област на издателските данни | |
| Място на издаване, разпространение и проч. | Москва |
| Име на издателя, разпространителя и проч. | Гос. муз. изд. 29671 |
| Година на издаване | 1962 |
| 300 ## - Физическа характеристика | |
| Страници | 279 с. |
| Размери/Мащаб | 29 см |
| 380 ## - Жанр | |
| Жанр | Изкуство |
| 500 ## - Общи забележки | |
| Забележка | Текст на рус. и итал. ез. |
| 700 1# - Други автори (авторска отговорност) | |
| Лично име | Илика, Луиджи |
| Автороска отговорност (Описва отношението между автора и произведението) | либрето |
| 9 (RLIN) | 72770 |
| 700 1# - Други автори (авторска отговорност) | |
| Лично име | Джакоза, Джузепе |
| Автороска отговорност (Описва отношението между автора и произведението) | либрето |
| 9 (RLIN) | 60427 |
| 852 ## - Местоположение | |
| Форматна сигнатура | Цб М ІІ 2652 |
| Част | 0 |
| 856 4# - Електронен адрес и достъп | |
| Електронен формат | pdf - файл |
| Път до файла /url/ | |
| Инструкция (цена за достъп) | 0.00 |
| Права за достъп | disable |
| 856 4# - Електронен адрес и достъп | |
| Електронен формат | pdf - файл |
| Път до файла /url/ | |
| Инструкция (цена за достъп) | 0.00 |
| Права за достъп | disable |
| 999 ## - СИСТЕМНИ КОНТРОЛНИ НОМЕРА | |
| Koha biblionumber | 296881 |
| Koha biblioitemnumber | 296881 |
| 942 ## - АРТИКУЛИ | |
| Вид на библиотечния материал | Нотни издания |
| Скрит в OPAC | Не |
| Периодичен библиозапис | Да |
| 944 ## - СЪЗДАВАНЕ И РЕДАКЦИЯ на ЗАПИСА | |
| Създаване/Редакция | Създаване |
| Дата на регистрацията/редакция | 06.11.2003 |
| Служител, извършил регистрацията/редакцията | 30560 |
| Статус, дата на статуса | Геновева Генчева |
| 944 ## - СЪЗДАВАНЕ И РЕДАКЦИЯ на ЗАПИСА | |
| Създаване/Редакция | Редакция |
| Дата на регистрацията/редакция | 23.11.2004 |
| 999 ## - СИСТЕМНИ КОНТРОЛНИ НОМЕРА | |
| Koha biblioitemnumber | 296881 |
| Код за отписване | Код за изгубен артикул | Източник на класификационната схема | Код за повреда | Коз за рестрикции | Код за отдаване | Артикулен № | Име на библиотеката - собственик | Име на библиотеката, в която се намира в момента | Статус (Текущо местоположение) | Дата на вписване в системата | Местоположение - отдел | Цена в лева | Инвентарен номер | Систематично азбучна сигнатура | Баркод | Номер на екземпляра | Цена в евро | Служебна бележка | Служебен тип на артикула |
|---|---|---|---|---|---|---|---|---|---|---|---|---|---|---|---|---|---|---|---|
| Не е изгубен | Universal Decimal Classification | Не е повреден | само за читалня | ползва се в читалня | 647287 | Регионална библиотека "Любен Каравелов" Русе | Регионална библиотека "Любен Каравелов" Русе | Основен фонд - ползва се само за читалня | 1961-01-01 | Хранилище | 3.79 | 6420/63 | Цб М II 2652 | 900000104713 | 1 | 1.94 | Вид: Ф N: стар фонд Дата: 01.01.1961 | Нотни издания | |
| Не е изгубен | Universal Decimal Classification | Не е повреден | само за читалня | ползва се в читалня | 647288 | Регионална библиотека "Любен Каравелов" Русе | Регионална библиотека "Любен Каравелов" Русе | Хранилище | 1961-01-01 | Основен фонд - ползва се само за читалня | 0.01 | 9051/63 | Цб М II 2652 | 900000104772 | 2 | 0.01 | Вид: Ф N: стар фонд Дата: 01.01.1961 | Нотни издания |